000 00486cam a2200181ua 4500
001 3882
008 111207n ii |||gr||||Z||||||asm
040 _cMAIN
082 _a891.4511
100 1 _aSarma, Basanta Kumar,
_eEditor.,
245 1 1 _aMahendra Borar kabita Sambhar
_ced. by Basanta Kumar Sarma
250 _a1st.
260 _aGuwahati:
_bSarada Prakashan,
_c2004.
300 _a460p:
_c23cm.
653 _aAssamese poem
653 _aMahendra Borar kabita Sambhar
942 _cBK
999 _c3705
_d3705